<?xml version="1.0" encoding="UTF-8"?>
<collection xmlns="http://www.loc.gov/MARC21/slim">
 <record>
  <leader>00582pamaa2200181   4500</leader>
  <controlfield tag="001">0000045440</controlfield>
  <controlfield tag="005">20090713090000.0</controlfield>
  <controlfield tag="008">090619                             eng  </controlfield>
  <datafield tag="020" ind1="0" ind2="0">
   <subfield code="a">9781933914008 (pbk.) </subfield>
  </datafield>
  <datafield tag="090" ind1="0" ind2="0">
   <subfield code="a">HG179 </subfield>
   <subfield code="b">KIY 2006</subfield>
  </datafield>
  <datafield tag="100" ind1="1" ind2="0">
   <subfield code="a">Kiyosaki </subfield>
  </datafield>
  <datafield tag="245" ind1="1" ind2="0">
   <subfield code="a">Rich woman : </subfield>
   <subfield code="b">take charge of your money, take charge of your life!  </subfield>
   <subfield code="c">Kim Kiyosaki.</subfield>
  </datafield>
  <datafield tag="260" ind1="0" ind2="0">
   <subfield code="a">Arizona: </subfield>
   <subfield code="b">The Rich Dad Company, </subfield>
   <subfield code="c">2006.</subfield>
  </datafield>
  <datafield tag="300" ind1=" " ind2=" ">
   <subfield code="a">iv, 274: </subfield>
   <subfield code="b">ill.; </subfield>
   <subfield code="c">20 cm.</subfield>
  </datafield>
  <datafield tag="504" ind1="0" ind2="0">
   <subfield code="a">Includes bibliographical references and index</subfield>
  </datafield>
  <datafield tag="650" ind1="0" ind2="0">
   <subfield code="a">Finance, Personal </subfield>
  </datafield>
  <datafield tag="650" ind1="0" ind2="0">
   <subfield code="a">Money </subfield>
  </datafield>
  <datafield tag="901" ind1=" " ind2=" ">
   <subfield code="u">www.richwoman.com</subfield>
  </datafield>
 </record>
</collection>
